MARC

Tag First Indicator Second Indicator Subfields
LEADER 00000cam a2200000La 4500
001 in00004511221
005 20191204153505.0
008 081126s2008 nz ab b 100 0 eng
029 0 |a NZ1  |b 12602774 
035 |a (OCoLC)ocn276648657 
035 |a (OCoLC)276648657 
035 |z (UtOrBLW)49202 
035 |a 69805 
040 |a Nz  |c NZ1  |d CUX  |d TMV  |d UtOrBLW 
043 |a u-nz--- 
049 |a TMVM  |c 1 
060 4 |a SF 605  |b P963 2008 
082 0 4 |a 636.089  |2 22 
245 0 0 |a Proceedings of the combined meeting of Food Safety, Animal Welfare & Biosecurity and Epidemiology & Animal Health Management :  |b NZVA conference, 25-28 June 2008, Wellington Convention Centre, New Zealand. 
246 1 4 |a Combined Food Safety, Animal Welfare & Biosecurity and Epidemiology & Animal Health Management 
246 1 7 |a Proceedings of the combined meeting of the Food Safety, Animal Welfare & Biosecurity and Epidemiology & Animal Health Management Branches of the NZVA, 2008 
246 1 8 |a Combined Food Safety, Animal Welfare & Biosecurity and Epidemiology & Animal Health Management Conference 2008 
246 1 |i Cover subtitle:  |a New Zealand Veterinary Association conference 2008 
264 1 |a Palmerston North, N.Z. :  |b VetLearn, Massey University,  |c 2008. 
300 |a 264, vi, 30 pages :  |b illustrations, maps ;  |c 30 cm. 
336 |a text  |2 rdacontent  |b txt 
337 |a unmediated  |2 rdamedia 
338 |a volume  |2 rdacarrier  |b nc 
490 1 |a Publication / VetLearn,  |x 1176-7979 ;  |v no. 273 
500 |a "Complete archive of proceedings now available on CD-ROM and online from SciQuest"--Cover. 
504 |a Includes bibliographical references. 
505 0 |a Achieving one health through interdisciplinary cooperation - pipe dream or practical reality? -- International surveillance and emergency preparedness -- Encouraging multisectorial action to improve public health -- "A new vision" integrating medical, veterinary and environmental sciences -- Working at the human and animal health interface - a multidisciplinary team approach towards reducing New Zealand's campylobacteriosis problem -- The anatomy of an outbreak : the Callinan inquiry -- The Australian equine influenza experience -- Managing the risk of equine influenza in horses imported from Australia during the 2007 Australian epidemic -- New Zealand equine influenza response plans -- Asian tiger mosquito biosecurity risks in New Zealand -- Flea and ticks as vectors of disease : a New Zealand perspective -- Decision support analyses during the evaluation of the Sourthern Saltmarsh Mosquito (Aedes camptorhynchus) eradication programme -- Blue tongue response in the UK -- Avian influenza ten years after the Hong Kong outbreak - is the virus winning? -- Molecular and modeling tools for campylobacter source attribution -- Campylobacter - in or out of control? -- Inferences on the phylogeography and population structure of Cryptosporidium parvum -- Leptospirosis - a rising public health hazard -- Tackling veterinary issues in Europe : the federation of veterinarians of Europe -- Farm to fork traceability in Northern Ireland : the animal and public health information system (APHIS) -- Should NZVA support rodeos? Industry perspective of rodeo code -- The ongoing debate about our neonates - the effects of transportation on the mortality rates of bobby calves 
505 0 |a Electrical stunning of bulls -- EU animal welfare at slaughter legislation -- An overview of NAWAC's role in animal welfare -- Risk profiling, aberration detection and investigation of national avian mortality reports -- Simulation of an early warning system using sentinel birds to detect a change of a low pathogenic avian influenza virus (LPAIV) to high pathogenic avian influenza virus (HPAIV) -- Mycoplasma bovis - proving freedom -- Sensitivity and specificity of meat inspector detection of "enlarged" mesenteric lymph nodes of farmed red deer (Cervus elephus) -- Association between species combination on-farm and mycobacterium-like lesions in deer at slaughter -- ONE bug, MANY cows, FEW dead - a descriptive analysis of Johne's culling data amongst New Zealand dairy cows from 1998/99 to 2006/07 -- Incestigating letospirosis in New Zealand meat-workers : challenges and preliminary results -- Patterns of contact within the New Zealand poultry industry -- Introduction to analysing time series data -- Spatial analysis of farm frailty due to mortality on smallholder dairy farms in Tanga and Iringa regions of Tanzania -- Polymorphism of the major histocompatibility complex (MHC) in the Kiwi (Apteryx spp) -- Are antibiotic resistant bacteria an unavoidable consequence of modern agricultural practices? -- Report reproduced from the New Zealand Institute of Economic Research (NZIER) -- An economic analysis of the impacts of equine influenza on New Zealand report to biosecurity New Zealand 
650 0 |a Veterinary medicine  |v Congresses. 
650 0 |a Veterinary medicine  |z New Zealand  |v Congresses. 
650 0 |a Veterinary epidemiology  |v Congresses. 
650 0 |a Animal welfare  |v Congresses. 
650 0 |a Food adulteration and inspection  |v Congresses. 
650 2 |a Animal Welfare. 
650 2 |a Food Inspection. 
650 2 |a Food Contamination  |x prevention & control. 
651 2 |a New Zealand. 
655 2 |a Congresses. 
710 2 |a Massey University. 
710 2 |a New Zealand Veterinary Association.  |b Conference  |d (2008 :  |c Wellington, N.Z.) 
710 2 |a New Zealand Veterinary Association.  |b Epidemiology & Animal Health Management Branch. 
710 2 |a New Zealand Veterinary Association.  |b Epidemiology & Animal Health Management Branch.  |b Conference  |d (2008 :  |c Wellington, N.Z.) 
710 2 |a New Zealand Veterinary Association.  |b Food Safety, Animal Welfare & Biosecurity Branch. 
710 2 |a New Zealand Veterinary Association.  |b Food Safety, Animal Welfare & Biosecurity Branch.  |b Conference  |d (2008 :  |c Wellington, N.Z.) 
710 2 |a New Zealand Veterinary Association.  |b VetLearn. 
830 0 |a Publication (New Zealand Veterinary Association. VetLearn) ;  |v no. 273. 
999 |a MARS 
999 f f |s f4c6adac-784a-3282-a1e1-2b3f9a092c69  |i 516b5ca1-68d7-3dbe-989a-fc6c54d36a4b  |t 0 
952 f f |p preservation  |a Texas A&M University  |b J.J. Pickle Campus  |c High Density Repository  |d Remote Storage  |t 0  |e SF 605 P963 2008  |h National Library of Medicine classification  |i unmediated -- volume  |m 3238902018496 
998 f f |a SF 605 P963 2008  |t 0  |l Remote Storage